000 00726nam a2200265Ia 4500
001 dia_1161
003 CHAP
005 20221209172501.0
007 ta
008 220117s1988 xx 000 0 und d
010 _a171708
020 _a968-24-2155-1
040 _cCHAP
_amxchpua
082 _a507.2 M3
100 1 _aMartínez Garza, Angel
_972079
245 1 0 _aDiseños experimentales, métodos y elementos de teoria /
_cAngel Martínez Garza
260 _aMéxico :
_bTrillas,
_c1988
300 _a756 páginas
503 _aC/e
650 1 7 _aDiseños experimentales
_932735
901 _a507.2 M3
902 _aM
905 _a0000001988 MX X 0000000000SPA00
942 _cLIBRO
_2ddc
999 _c171708
_d171708